[Event "TUR-ch U20"]
[Site "Samsun"]
[Date "2024.05.21"]
[Round "6"]
[White "Yildirim, Orhun Ali"]
[Black "Gulbas, Isa"]
[Result "0-1"]
[WhiteElo "1561"]
[BlackElo "1813"]
[PlyCount "56"]
[EventDate "2024.05.18"]
[EventType "swiss"]
[EventRounds "9"]
[EventCountry "TUR"]
[SourceTitle "EXT 2025"]
[Source "ChessBase"]
[SourceDate "2024.10.14"]
[SourceVersion "1"]
[SourceVersionDate "2024.10.14"]
[SourceQuality "1"]

1. d4 Nf6 2. Bf4 e6 3. e3 c5 4. c3 Qb6 5. Qc2 Nh5 6. Bg3 Nxg3 7. hxg3 g6 8. Nf3 Bg7 9. Nbd2 d5 10. dxc5 Qxc5 11. e4 Nc6 12. exd5 exd5 13. Nb3 Qe7+ 14. Qe2 Be6 15. 0-0-0 0-0 16. Qb5 d4 17. Nfxd4 Nxd4 18. cxd4 Qf6 19. f4 Rfd8 20. Kb1 a6 21. Qb4 a5 22. Qd2 a4 23. Nc5 Bf5+ 24. Ka1 b6 25. Na6 a3 26. Bb5 Rxd4 27. Qxd4 Qxd4 28. Rxd4 Bxd4 0-1

[Event "TUR-ch U20"]
[Site "Samsun"]
[Date "2024.05.19"]
[Round "3"]
[White "Yildirim, Orhun Ali"]
[Black "Kilic, Nurullah"]
[Result "1/2-1/2"]
[WhiteElo "1561"]
[BlackElo "1893"]
[PlyCount "61"]
[EventDate "2024.05.18"]
[EventType "swiss"]
[EventRounds "9"]
[EventCountry "TUR"]
[SourceTitle "EXT 2025"]
[Source "ChessBase"]
[SourceDate "2024.10.14"]
[SourceVersion "1"]
[SourceVersionDate "2024.10.14"]
[SourceQuality "1"]

1. d4 Nf6 2. Bf4 e6 3. Nf3 b6 4. e3 Bb7 5. Nbd2 Be7 6. h3 c5 7. c3 0-0 8. Bd3 Nc6 9. Qe2 a6 10. 0-0 d6 11. a4 Re8 12. Rfd1 Bf8 13. Bg5 h6 14. Bh4 Be7 15. Bg3 d5 16. Ne5 Nxe5 17. Bxe5 Nd7 18. Bh2 Bf6 19. f4 c4 20. Bc2 b5 21. Nf3 Qe7 22. Ne5 Qd8 23. Nf3 Qe7 24. Ne5 Qd8 25. Nf3 Rc8 26. Ra2 Ra8 27. Ra3 Rc8 28. Raa1 Ra8 29. Re1 Qe7 30. Kh1 Nf8 31. Kg1 1/2-1/2

[Event "TUR-ch U13/18"]
[Site "Antalya"]
[Date "2023.01.22"]
[Round "1"]
[White "Yildirim, Orhun Ali"]
[Black "Temizer, Umut"]
[Result "0-1"]
[WhiteElo "1188"]
[BlackElo "1989"]
[PlyCount "87"]
[EventDate "2023.01.17"]
[EventType "swiss"]
[EventRounds "10"]
[EventCountry "TUR"]
[SourceTitle "EXT 2024"]
[Source "ChessBase"]
[SourceDate "2023.10.10"]
[SourceVersion "1"]
[SourceVersionDate "2023.10.10"]
[SourceQuality "1"]

1. d4 d5 2. Nf3 Nf6 3. c4 e6 4. Nc3 Be7 5. e3 0-0 6. cxd5 exd5 7. Bd3 c6 8. 0-0 Bg4 9. b3 Nbd7 10. h3 Bh5 11. Bb2 Bd6 12. Be2 Re8 13. Nh4 Bxe2 14. Qxe2 Nf8 15. Nf5 Bc7 16. Na4 g6 17. Nh6+ Kg7 18. Ng4 Nxg4 19. hxg4 Qh4 20. g3 Qh3 21. Nc5 Re7 22. Qf3 Ne6 23. Nxe6+ fxe6 24. g5 Bd6 25. Qh1 Qg4 26. Qh6+ Kg8 27. a4 Qe2 28. Rab1 Rf8 29. Qh2 Rf5 30. Rfe1 Qc2 31. f4 Qxb3 32. g4 Rf8 33. a5 Qd3 34. Qe2 Qe4 35. a6 b5 36. Rbc1 Rc7 37. Rc2 Rb8 38. Ra1 Rb6 39. Kf2 b4 40. Bc1 b3 41. Rb2 c5 42. dxc5 Rxc5 43. Rab1 Rc4 44. Bd2 0-1